00531 2200205 4500001002100000005001500021035002000036007000300056008004100059020001800100082001000118084001600128100001200144245004700156250001000203260003600213300003900249504002700288990001000315INLIS00000000000258120181210025321 a0010-1218000140ta181210 g 0 ind  a979-666-136-5 a304.2 a304.2 SUN m0 aSUNARDI1 aMelestarikan Alam dan Kehidupan /cSUNARDI aCet.1 aJakarta :bBalai Pustaka,c1997 avii, 68 hlm :b.ilus ;c15 x 21 cm aBIBLIOGRAFI, hlm 67-68 a929 B